Genoveva de Brabante (Record no. 42469)
[ view plain ]
| 000 -LEADER | |
|---|---|
| campo de control de longitud fija | 01287nam a2200265 i 4500 |
| 001 - NÚMERO DE CONTROL | |
| campo de control | 42469 |
| 003 - IDENTIFICADOR DE NÚMERO DE CONTROL | |
| campo de control | ES-MaACL |
| 005 - FECHA Y HORA DE LA ÚLTIMA TRANSACCIÓN | |
| campo de control | 20251013220208.0 |
| 007 - CAMPO FIJO DE DESCRIPCIÓN FÍSICA--INFORMACIÓN GENERAL | |
| campo de control de longitud fija | t| |
| 008 - DATOS DE LONGITUD FIJA--INFORMACIÓN GENERAL | |
| campo de control de longitud fija | 030331s1869 sp ||||1| spa d |
| 100 1# - ENTRADA PRINCIPAL--NOMBRE DE PERSONA | |
| Nombre de persona | Crémieux, Hector. |
| 9 (RLIN) | 41493 |
| 245 10 - MENCIÓN DEL TÍTULO | |
| Título | Genoveva de Brabante |
| Resto del título | : zarzuela bufa en tres actos / |
| Mención de responsabilidad, etc. | escrita en francés por Mrs. Cremieux y Trefeu ; música del célebre... Offembach ; arreglada a la escena española por los señores Godino y Bardan. |
| 260 ## - PUBLICACIÓN, DISTRIBUCIÓN, ETC. | |
| Lugar de publicación, distribución, etc. | Madrid : |
| Nombre del editor, distribuidor, etc. | [s.n.], |
| Fecha de publicación, distribución, etc. | 1869 ( |
| Fabricante | Imp. de José Rodríguez) |
| 300 ## - DESCRIPCIÓN FÍSICA | |
| Extensión | 82 p. ; |
| Dimensiones | 18 cm. |
| 500 ## - NOTA GENERAL | |
| Nota general | Precede al tit.: Repertorio de los Bufos Arderius. |
| 500 ## - NOTA GENERAL | |
| Nota general | Solo el texto. |
| 500 ## - NOTA GENERAL | |
| Nota general | Representada por primera vez en la inauguración de la segunda temporada del Teatro de los Bufos Arderius en 4 de setiembre de 1869. |
| 700 1# - ENTRADA AGREGADA--NOMBRE PERSONAL | |
| Nombre de persona | Tréfeu, Etienne, |
| Fechas asociadas al nombre | 1821-1903 |
| 9 (RLIN) | 148062 |
| 700 1# - ENTRADA AGREGADA--NOMBRE PERSONAL | |
| Nombre de persona | Offembach, Jacques. |
| 9 (RLIN) | 86558 |
| 700 1# - ENTRADA AGREGADA--NOMBRE PERSONAL | |
| Nombre de persona | Godino, Manuel. |
| 9 (RLIN) | 57527 |
| 700 1# - ENTRADA AGREGADA--NOMBRE PERSONAL | |
| Nombre de persona | Bardan, Federico. |
| 9 (RLIN) | 25573 |
| 852 ## - LOCALIZACIÓN | |
| Ubicación | ES-MaACL |
| Número de control de estantería | D-677(1) |
| condición física | . - Encuadernado con otras obras |
| Nota libre | .- Legado M. de la Fuente |
| 852 1# - LOCALIZACIÓN | |
| Ubicación | BA |
| Número de control de estantería | F-8552(1) |
| Nota libre | Enc. en un vol. facticio, formando parte de la col. facticia "Teatro español moderno", v. 4 |
| -- | Firma manuscrita de Gustavo Saenz Diez, 1878 |
| Estatus retirado | Estado de pérdida | Estado de daño | No para préstamo | Colección | Biblioteca de origen | Biblioteca actual | Ubicación en estantería | Fecha de adquisición | Fuente de adquisición | Total de préstamos | Signatura topográfica completa | Código de barras | Visto por última vez | Precio de reemplazo | Tipo de ítem Koha |
|---|---|---|---|---|---|---|---|---|---|---|---|---|---|---|---|
| Libros del s. XIX | Biblioteca del Ateneo de Madrid | Biblioteca del Ateneo de Madrid | Sala Pecera Planta 2 | 31/03/2009 | F-8552(1) | 1179132 | 23/02/2023 | 23/02/2023 | Libro impreso antiguo | ||||||
| Libros del s. XIX | Biblioteca del Ateneo de Madrid | Biblioteca del Ateneo de Madrid | Sala Valle Inclán | 17/01/2008 | D-677(1) | 901044699 | 23/02/2023 | 23/02/2023 | Libro impreso antiguo |
